Score 0/35 Timer 05:00
0 Plays Today
% Correct
Pooh
94.5%
Who
94%
To
93.5%
Two
93.5%
Through
92.9%
Few
92.8%
Do
92.5%
Flew
92.1%
Knew
91.9%
View
91.9%
Zoo
91.8%
Shoe
91.7%
Too
91.1%
Drew
91.1%
You
90.6%
True
90%
Hugh
89.8%
Blew
89.2%
% Correct
Sue
88%
Shrew
87.2%
Crew
86.5%
Due
86.5%
Boo
85.1%
U
84.5%
Blue
83.4%
Sioux
83.3%
New
82.6%
Lou
82%
Foo
81.2%
Screw
80.1%
Q
76.9%
Clue
74.1%
Brew
69.2%
Rue
67%
Hue
54.9%
Remove Ads.
Support Sporcle.
Get the best of Sporcle when you Go Orange. This ad-free experience offers more features, more stats, and more fun while also helping to support Sporcle. Thank you for becoming a member.

You're not logged in!

Compare scores with friends on all Sporcle quizzes.
OR
Log In

Show Comments

Extras

Top Quizzes Today


Score Distribution

Your Account Isn't Verified!

In order to create a playlist on Sporcle, you need to verify the email address you used during registration. Go to your Sporcle Settings to finish the process.

Report this User

Report this user for behavior that violates our Community Guidelines.

Details: